Financial accounting / (Record no. 344911)
[ view plain ]
| 000 -LEADER | |
|---|---|
| fixed length control field | 00946 a2200205 4500 |
| 020 ## - INTERNATIONAL STANDARD BOOK NUMBER | |
| International Standard Book Number | 0395698022 |
| 020 ## - INTERNATIONAL STANDARD BOOK NUMBER | |
| International Standard Book Number | 9780395698020 |
| 082 04 - DEWEY DECIMAL CLASSIFICATION NUMBER | |
| Classification number | 657.48 |
| 090 ## - LOCALLY ASSIGNED LC-TYPE CALL NUMBER (OCLC); LOCAL CALL NUMBER (RLIN) | |
| -- | 2413 |
| -- | 2413 |
| 100 1# - MAIN ENTRY--PERSONAL NAME | |
| Personal name | Needles, Belverd E. |
| 245 10 - TITLE STATEMENT | |
| Title | Financial accounting / |
| Statement of responsibility, etc. | Belverd E. Needles. |
| 250 ## - EDITION STATEMENT | |
| Edition statement | 5th ed. |
| 260 ## - PUBLICATION, DISTRIBUTION, ETC. | |
| Place of publication, distribution, etc. | [S.l.] : |
| Name of publisher, distributor, etc. | Houghton Mifflin College Div, |
| Date of publication, distribution, etc. | 1994. |
| 300 ## - PHYSICAL DESCRIPTION | |
| Extent | 896 p. ; |
| Dimensions | 27 cm. |
| 500 ## - GENERAL NOTE | |
| General note | Hardcover. |
| 520 ## - SUMMARY, ETC. | |
| Summary, etc. | This fifth edition of a work on financial accounting features less emphasis on procedural details, and more on management issues. The text focuses on the uses of accounting information, rather than on the traditional preparation of information. An ancillary package is available upon adoption. |
| 856 40 - ELECTRONIC LOCATION AND ACCESS | |
| Materials specified | Amazon.com |
| Uniform Resource Identifier | <a href="http://www.amazon.com/exec/obidos/ASIN/0395698022/chopaconline-20">http://www.amazon.com/exec/obidos/ASIN/0395698022/chopaconline-20</a> |
| 856 40 - ELECTRONIC LOCATION AND ACCESS | |
| Materials specified | Amazon customer reviews |
| Uniform Resource Identifier | <a href="http://www.chopac.org/cgi-bin/tools/azrev.pl?q=0395698022">http://www.chopac.org/cgi-bin/tools/azrev.pl?q=0395698022</a> |
| 942 ## - ADDED ENTRY ELEMENTS (KOHA) | |
| Institution code [OBSOLETE] | NBS |
| Koha item type | Book |
| Call number prefix | 657.48 NEE |
| Withdrawn status | Lost status | Damaged status | Not for loan | Permanent Location | Current Location | Date acquired | Total Checkouts | Full call number | Barcode | Date last seen | Price effective from | Koha item type | Total Renewals | Date last checked out |
|---|---|---|---|---|---|---|---|---|---|---|---|---|---|---|
| Central Library (CL) | Central Library (CL) | 08/28/2013 | 657.48 NEE | NBS3814 | 08/28/2013 | 08/28/2013 | Book | |||||||
| Central Library (CL) | Central Library (CL) | 08/28/2013 | 2 | 657.48 NEE | NBS3673 | 11/16/2019 | 08/28/2013 | Book | 3 | 09/05/2019 |
